Vème République - Statistiques

Statistiques générales
  • Ce quiz a été pris 9 fois
  • Le résultat moyen est 4 sur 35
Statistiques - réponses
Evénements Dates % Correct
bombe A 1960
60%
instauration de la Vème 4 octobre 1958
60%
bombe H 1968
40%
referendum Maastricht 1992
40%
élection Chirac, Juppé PM 1995
40%
élection N. Sarkozy, Fillon PM 2007
40%
accords d'Évian 18 mars 1962
20%
putsch des généraux et article 16 1961
20%
réélection de De Gaulle 1965
20%
France quitte le commandement intégré de l’OTAN 1966
20%
1ere cohabitation 1986-1988
20%
Dissolution et 3e cohabitationJospin PM 1997
20%
réélection Chirac, RaffarinPM 2002
20%
échec referendum TCE et de Villepin PM 2005
20%
élection Mitterrand 10 mai 81
0%
Mauroy PM 1981-1984
0%
Fabius PM 1984-1986
0%
Rocard PM 1988-1991
0%
Cresson PM 1991-1992
0%
Beregovoy PM 1992-1993
0%
2e cohabitation, Balladur PM 1993-1995
0%
referendum passant du septennat au quinquennat 2000
0%
adoption loi Veil 20 septembre 1974
0%
Barre PM aout 1976-mai 1981
0%
4/1969 démission De Gaulle avril 1969
0%
décès Pompidou avril 1974
0%
élection Pompidou juin 1969
0%
Programme commun de la Gauche juin 1972
0%
Chirac PM juin 1974-août 1976
0%
: “événements” de mai; dissolution de l’AN et succès massif des Gaullistes aux élections de juin mai 1968
0%
réélection FM (mois) mai 1988
0%
élection VGE mai 74
0%
référendum sur l’élection du PR au SUD octobre 1962
0%
motion de censure, dissolution l'AN septembre 1962
0%
discours de Chaban sur la “nouvelle société” septembre 1969
0%
Aucun quiz correspondant
Distribution des résultats
% des personnes avec chaque résultat
Percentile par nombre de réponses
Votre historique - résultats
Vous n’avez pas pris ce quiz